01098nam a22001337a 4500008004100000020001800041050001700059245007700076260003600153300002600189500003700215505068700252700002500939200123b xxu||||| |||| 00| 0 eng d a9781842778296 aDT512.32. G3 aGhana: one decade of the liberal state. /cedited by Kwame Boafo-Arthur. aDakar :bCodesria Books,c2007. axii, 303 p. :c22 cm. aIncludes index and bibliography. aContents: A decade of liberalism in perspective -- Trends in the promotion and protection of human rights under the 1992 Constitution -- Challenges of economic growth in a liberal economy -- Markets and liberal democracy -- Institutions and economic performance: Ghana's experience under the fourth Republic, 1992-2002 -- Political conflict and elite consensus in the liberal state -- A decade of political leadership in Ghana, 1993-2004 -- The security agencies and national security in a decade of liberalism -- Organized labour and the liberal state -- The liberal Ghanaian state and foreign policy: the dynamics of change and continuity -- Women and politics in Ghana 1993-2003. aBoafo-Arthur, Kwame.